Подробности
| 000 -МАРКЕР |
| контрольное поле |
01562nam2a2200301 4500 |
| 001 - ИДЕНТИФИКАТОР ЗАПИСИ |
| контрольное поле |
RU\NLR\BIBL_A\011330850 |
| 005 - ИДЕНТИФИКАТОР ВЕРСИИ |
| контрольное поле |
20250626043818.0 |
| 010 ## - МЕЖДУНАРОДНЫЙ СТАНДАРТНЫЙ НОМЕР КНИГИ (ISBN) |
| Номер (ISBN) |
978-5-9530-0460-2 |
| Тираж |
100 |
| 021 ## - НОМЕР ГОСУДАРСТВЕННОЙ РЕГИСТРАЦИИ |
| Код страны |
Российская Федерация |
| Номер |
2017-3567 |
| Номер Листа государственной регистраци |
255 |
| 021 ## - НОМЕР ГОСУДАРСТВЕННОЙ РЕГИСТРАЦИИ |
| Код страны |
Российская Федерация |
| Номер |
2017-13044 |
| Номер Листа государственной регистраци |
960 |
| 035 ## - ДРУГИЕ СИСТЕМНЫЕ НОМЕРА |
| Идентификатор записи |
(NLR Aleph) 011330850 |
| 100 ## - ДАННЫЕ ОБЩЕЙ ОБРАБОТКИ |
| Данные общей обработки |
20170217d2016 |||y0rusy50 ca |
| 101 0# - ЯЗЫК РЕСУРСА |
| Язык текста, звукозаписи и т.д. |
русский |
| 102 ## - СТРАНА ПУБЛИКАЦИИ ИЛИ ПРОИЗВОДСТВА |
| Страна публикации |
Российская Федерация |
| 105 ## - ПОЛЕ КОДИРОВАННЫХ ДАННЫХ: ТЕКСТОВЫЕ МАТЕРИАЛЫ, МОНОГРАФИЧЕСКИЕ |
| Кодированные данные о монографическом текстовом документе |
a z 000zy |
| 200 1# - ЗАГЛАВИЕ И СВЕДЕНИЯ ОБ ОТВЕТСТВЕННОСТИ |
| Основное заглавие |
Selected aspects of new particle formation in the Earth atmosphere: phenomenology and mechanistic description |
| Первые сведения об ответственности |
Olaf Hellmuth |
| 210 ## - ПУБЛИКАЦИЯ, РАСПРОСТРАНЕНИЕ И ДР. |
| Дата издания, распространения и т.д. |
2016 |
| Место издания, распространения и т.д. |
Б. м. |
| 215 ## - ФИЗИЧЕСКАЯ ХАРАКТЕРИСТИКА |
| Специфическое обозначение материала и объем |
VI, 495 с. |
| Другие сведения о физической характеристике |
ил. |
| 320 ## - ПРИМЕЧАНИЯ О НАЛИЧИИ В ДОКУМЕНТЕ БИБЛИОГРАФИИ / УКАЗАТЕЛЯ |
| Текст примечания |
Библиогр.: с. 471-495 |
| 461 #0 - УРОВЕНЬ НАБОРА |
| Встроенное поле |
001RU\NLR\b_ik\203844 |
| -- |
2001#$aNucleation theory and applications$especial issues$eReview series on selected topics of atmospheric sol formation$fOlaf Hellmuth, Vitaly I. Khvorostyanov, Judith A. Curry [et al.]$gJürn W.P. Schmelzer a. Olaf Hellmuth (ed.)$gJoint inst. for nuclear research$vVol. 2 |
| Системный номер (АБИС) связанной записи |
9785058 |
| Место публикации |
Dubna |
| Дата публикации |
2013 |
| Первые сведения об ответственности |
Olaf Hellmuth, Vitaly I. Khvorostyanov, Judith A. Curry [et al.] |
| Имя издателя, распространителя и т.д. |
JINR |
| Сведения, относящиеся к заглавию |
special issues : Review series on selected topics of atmospheric sol formation |
| Заглавие |
Nucleation theory and applications |
| Номер тома |
Vol. 2 |
| 541 1# - ПЕРЕВОД ЗАГЛАВИЯ, СДЕЛАННЫЙ КАТАЛОГИЗАТОРОМ |
| Заглавие |
Избранные аспекты образования новых частиц в атмосфере Земли |
| 606 1# - НАИМЕНОВАНИЕ ТЕМЫ КАК ПРЕДМЕТ |
| Наименование темы |
Аэрозоли атмосферные |
| Тематический подзаголовок |
Образование |
| Системный номер авторитетной/нормативной записи |
2316695 |
| Идентификатор авторитетной/нормативной записи |
RU\NLR\AUTH\6601611425 |
| 686 1# - ИНДЕКСЫ ДРУГИХ КЛАССИФИКАЦИЙ |
| Индекс |
Д232.2 |
| 942 ## - ДОПОЛНИТЕЛЬНЫЕ ЭЛЕМЕНТЫ ЗАПИСИ (АБИС) |
| Тип экземпляра АБИС |
Книга |
| 980 ## - КОЛЛЕКЦИЯ |
| Название коллекции |
Национальная библиография |